Medieval Birmingham : people and places, 1070-1553 /

'Medieval Birmingham' attempts to show through documentary and archaeological evidence how it evolved from a village into its present role as the second city of the United Kingdom. It looks at the lives of the Bermingham family, who owned the town and ruled the townsmen. It looks at their...

وصف كامل

محفوظ في:

المؤلف الرئيسي: Hemingway, John (مؤلف)

التنسيق: كتاب الكتروني

اللغة: English

منشور في: Summertown, Oxford : Archaeopress Archaeology, [2022]

الموضوعات:

الوصول للمادة أونلاين: Login to view Source

الوسوم: إضافة وسم

لا توجد وسوم, كن أول من يضع وسما على هذه التسجيلة!

رقم الطلب: DA690.B6

LEADER 02373nam a2200421 i 4500
001 EDZ0002890139
003 StDuBDS
005 20230412183413.0
006 m|||||o||d||||||||
007 cr |||||||||||
008 220719t20222022enkab fob 000|0|eng|d
020 |a 9781803273099 (PDF ebook) :  |c No price 
040 |a StDuBDS  |b eng  |c StDuBDS  |e rda  |e pn 
050 4 |a DA690.B6 
082 0 4 |a 942.49603  |2 23 
100 1 |a Hemingway, John,  |e author. 
245 1 0 |a Medieval Birmingham :  |b people and places, 1070-1553 /  |c John Hemingway. 
264 1 |a Summertown, Oxford :  |b Archaeopress Archaeology,  |c [2022] 
264 4 |c ©2022 
300 |a 1 online resource (342 pages) :  |b illustrations (colour), maps (colour) 
336 |a text  |2 rdacontent 
336 |a still image  |2 rdacontent 
336 |a cartographic image  |2 rdacontent 
337 |a computer  |2 rdamedia 
338 |a online resource  |2 rdacarrier 
500 |a Also issued in print: 2022. 
504 |a Includes bibliographical references. 
520 8 |a 'Medieval Birmingham' attempts to show through documentary and archaeological evidence how it evolved from a village into its present role as the second city of the United Kingdom. It looks at the lives of the Bermingham family, who owned the town and ruled the townsmen. It looks at their retinue, who held surrounding manors in the area. It tells of the various wars both served in - civil and overseas. The medieval period was a time when the Christian church had great power, and its role in the manor is told, examining the canons of the priory, the friars and the parish priests. Probably the most important element were the inhabitants of the town, for it was they that built it up through trade, and their lives, occupations and physical surroundings form the final section of the book. 
521 |a Specialized. 
588 |a Description based on online resource; title from PDF title page (viewed on September 23, 2022). 
651 0 |a Birmingham (England)  |x History. 
650 0 |a Middle Ages. 
650 0 |a Excavations (Archaeology)  |z England  |z Birmingham. 
776 0 8 |i Print version :  |z 9781803273082 
856 4 0 |u http://library.arce.org:8087/Archaeopress/Products/9781803273082 
942 |2 lcc  |c EBOOK 
952 |0 0  |1 0  |4 0  |6 DA0690 B6  |7 1  |9 46979  |a ARCH  |b ARCH  |d 2023-04-12  |l 0  |o DA690.B6  |r 2023-04-12 00:00:00  |w 2023-04-12  |y EBOOK 
999 |c 52637  |d 52637